Statusi pas statusit : (Record no. 319)
[ view plain ]
| 000 -LEADER | |
|---|---|
| fixed length control field | 00668nam a22001577a 4500 |
| 008 - FIXED-LENGTH DATA ELEMENTS--GENERAL INFORMATION | |
| fixed length control field | 131114b xxu||||| |||| 00| 0 alb d |
| 020 ## - INTERNATIONAL STANDARD BOOK NUMBER | |
| International Standard Book Number | 9789951506007 |
| 041 0# - LANGUAGE CODE | |
| Language code of text/sound track or separate title | alb |
| -- | eng |
| 080 ## - UNIVERSAL DECIMAL CLASSIFICATION NUMBER | |
| Universal Decimal Classification number | 340 (496.5)(042.5) STA |
| 245 00 - TITLE STATEMENT | |
| Title | Statusi pas statusit : |
| Statement of responsibility, etc | Forum 2015. |
| 260 ## - | |
| -- | Prishtinë : |
| -- | Forum 2015 ; |
| -- | 2007. |
| 300 ## - | |
| -- | 104 f. : |
| -- | me il. ; |
| -- | 24 cm. |
| 650 #0 - | |
| -- | E drejta |
| -- | Kosovë |
| 650 #0 - | |
| -- | Legjislacioni |
| -- | Kosovë |
| 942 ## - ADDED ENTRY ELEMENTS (KOHA) | |
| Source of classification or shelving scheme | |
| Item type | Books |
| Withdrawn status | Lost status | Source of classification or shelving scheme | Damaged status | Not for loan | Collection code | Permanent location | Current location | Shelving location | Date acquired | Total Checkouts | Full call number | Barcode | Date last seen | Koha item type |
|---|---|---|---|---|---|---|---|---|---|---|---|---|---|---|
| Koleksioni i përgjithshem | UBT - Prishtine | UBT - Prishtine | Koleksioni i përgjithshem | 11/14/2013 | 340 (496.51) (042.5) STA | 001-000415 | 11/14/2013 | Books | ||||||
| Koleksioni i përgjithshem | UBT - Prishtine | UBT - Prishtine | Koleksioni i përgjithshem | 11/14/2013 | 340 (496.51) (042.5) STA | 001-000416 | 11/14/2013 | Books | ||||||
| Koleksioni i përgjithshem | UBT - Prishtine | UBT - Prishtine | Koleksioni i përgjithshem | 11/14/2013 | 340 (496.51) (042.5) STA | 001-000417 | 11/14/2013 | Books | ||||||
| Koleksioni i përgjithshem | UBT - Prishtine | UBT - Prishtine | Koleksioni i përgjithshem | 11/14/2013 | 340 (496.51) (042.5) STA | 001-000418 | 11/14/2013 | Books | ||||||
| Koleksioni i përgjithshem | UBT - Prishtine | UBT - Prishtine | Koleksioni i përgjithshem | 11/14/2013 | 340 (496.51) (042.5) STA | 001-000419 | 11/14/2013 | Books | ||||||
| Koleksioni i përgjithshem | UBT - Prishtine | UBT - Prishtine | Koleksioni i përgjithshem | 11/14/2013 | 340 (496.51) (042.5) STA | 001-000420 | 11/14/2013 | Books |